[Event "III Festival A"]
[Site "Bernate Ticino ITA"]
[Date "2000.07.06"]
[Round "1"]
[White "Barberi, Alessandro"]
[Black "Cammarota, Vittorio"]
[Result "1-0"]
[WhiteElo "2113"]
[BlackElo "1690"]
[PlyCount "65"]
[EventDate "2000.07.06"]

1.d4 Nf6 2.c4 g6 3.Nc3 Bg7 4.g3 O-O 5.Bg2 d6 6.e4 Nc6 7.h3 e5 8.d5 Ne7 9.
Nge2 Ne8 10.Be3 f5 11.Qd2 Nf6 12.O-O-O Bd7 13.f4 Ne8 14.fxe5 dxe5 15.Bg5 
Nd6 16.c5 Nf7 17.d6 Nxg5 18.dxe7 Qxe7 19.Qxd7 Qxc5 20.Qd5+ Qxd5 21.Rxd5 c6
22.Rd7 b5 23.h4 Ne6 24.exf5 gxf5 25.Bxc6 b4 26.Bxa8 bxc3 27.Bd5 cxb2+ 28.
Kxb2 Re8 29.Rc1 Kf8 30.Bxe6 Rxe6 31.Rc8+ Re8 32.Rxe8+ Kxe8 33.Rxg7 1-0

[Event "III Festival A"]
[Site "Bernate Ticino ITA"]
[Date "2000.07.06"]
[Round "1"]
[White "Battistella, Gianmaria"]
[Black "Provera, Emanuele"]
[Result "1/2-1/2"]
[WhiteElo "1473"]
[BlackElo "1759"]
[PlyCount "54"]
[EventDate "2000.07.06"]

1.e4 Nc6 2.d4 e5 3.dxe5 Qh4 4.Nf3 Qxe4+ 5.Qe2 Qxe2+ 6.Bxe2 Nge7 7.Bf4 Ng6 
8.Bg3 Bb4+ 9.c3 Bc5 10.O-O O-O 11.Re1 b6 12.Nbd2 Bb7 13.Rad1 Rfe8 14.Bc4 
Rad8 15.Nb3 Bf8 16.Nbd4 Nxd4 17.Nxd4 a6 18.Bb3 d5 19.e6 c5 20.exf7+ Kxf7 
21.Rxe8 Kxe8 22.Re1+ Kd7 23.Ne6 Re8 24.Nxf8+ Rxf8 25.Bc2 Rf6 26.f3 h6 27.
Bxg6 Rxg6 1/2-1/2

[Event "III Festival A"]
[Site "Bernate Ticino ITA"]
[Date "2000.07.06"]
[Round "1"]
[White "Bellini, Roberto"]
[Black "Lovati, Paolo"]
[Result "0-1"]
[WhiteElo "1575"]
[BlackElo "2084"]
[PlyCount "122"]
[EventDate "2000.07.06"]

1.d4 d5 2.c4 e6 3.Nc3 Bb4 4.e3 Ne7 5.Bd3 c5 6.Bd2 cxd4 7.exd4 dxc4 8.Bxc4 
Nbc6 9.a3 Ba5 10.Be3 Nf5 11.Nf3 O-O 12.O-O a6 13.Bd3 Nxe3 14.fxe3 Qe7 15.
Qc2 h6 16.Rad1 Bxc3 17.Qxc3 Bd7 18.Bb1 Rac8 19.Qd3 g6 20.Qd2 Kg7 21.e4 e5 
22.dxe5 Bg4 23.Qd6 Rce8 24.Qf6+ Qxf6 25.exf6+ Kxf6 26.h3 Bxf3 27.Rxf3+ Ke7
28.Rd5 Rd8 29.Ba2 f6 30.Rb3 Rxd5 31.exd5 Nd8 32.Rb6 Kd7 33.a4 a5 34.Rb5 
Re8 35.Kf2 Re4 36.Rxa5 Rb4 37.b3 Nf7 38.Rc5 Ne5 39.Ke3 f5 40.Rb5 Rxb5 41.
axb5 Kd6 42.b4 Nf7 43.Kd4 Ne5 44.Bb1 Nd7 45.g4 fxg4 46.hxg4 Nf6 47.Bxg6 
Nxg4 48.b6 Nf6 49.Bf7 Nd7 50.Bg6 Nxb6 51.Be4 Nd7 52.Bh1 Nb6 53.Bg2 Nd7 54.
Kc4 Nb6+ 55.Kd4 h5 56.Bf3 h4 57.Bg2 Nd7 58.Kc4 Nf6 59.Kd4 Ng4 60.Ke4 h3 
61.Bxh3 Nf2+ 0-1

[Event "III Festival A"]
[Site "Bernate Ticino ITA"]
[Date "2000.07.06"]
[Round "1"]
[White "Bemporad, Filippo"]
[Black "Morselli, Stefano"]
[Result "1-0"]
[WhiteElo "2140"]
[BlackElo "1696"]
[PlyCount "53"]
[EventDate "2000.07.06"]

1.d4 Nf6 2.Nf3 g6 3.c4 Bg7 4.Nc3 d6 5.e4 O-O 6.Be2 Nbd7 7.O-O c5 8.h3 cxd4
9.Nxd4 Nc5 10.Bf3 Qb6 11.Nde2 Be6 12.Nd5 Bxd5 13.exd5 Nfd7 14.Nc3 Rac8 15.
Rb1 Ne5 16.Be2 f5 17.Bf4 Ne4 18.Nxe4 fxe4 19.Be3 Qa5 20.Bd4 Nd3 21.Bxg7 
Kxg7 22.Bxd3 exd3 23.Qxd3 Qxa2 24.b3 a6 25.Qc3+ Kg8 26.Ra1 Qe2 27.Rae1 1-0

[Event "III Festival A"]
[Site "Bernate Ticino ITA"]
[Date "2000.07.06"]
[Round "1"]
[White "Bianchi, Alberto"]
[Black "Chiodini, Walter"]
[Result "1-0"]
[WhiteElo "2043"]
[BlackElo "1551"]
[PlyCount "78"]
[EventDate "2000.07.06"]

1.Nf3 Nf6 2.g3 g6 3.Bg2 Bg7 4.O-O O-O 5.d4 d5 6.Nbd2 Nbd7 7.b3 c5 8.Bb2 b6
9.c4 e6 10.dxc5 bxc5 11.cxd5 exd5 12.Rc1 Ba6 13.Re1 Re8 14.Nb1 Qb6 15.Nc3 
Bb7 16.Na4 Qb5 17.Nd2 Ba6 18.e3 Bb7 19.Nb1 Rab8 20.Nbc3 Qc6 21.Ne2 Qb5 22.
Nf4 Qc6 23.Bxf6 Qxf6 24.Nxd5 Bxd5 25.Bxd5 Rbd8 26.Qf3 Ne5 27.Qxf6 Bxf6 28.
Red1 Rd7 29.Nxc5 Rde7 30.Kg2 Bg7 31.Nd3 Ng4 32.Bf3 Nf6 33.Nf4 h5 34.Nd5 
Nxd5 35.Rxd5 Bb2 36.Rc2 Bg7 37.b4 Re6 38.Rc7 Ra6 39.Rdd7 Rf8 1-0

[Event "III Festival A"]
[Site "Bernate Ticino ITA"]
[Date "2000.07.06"]
[Round "1"]
[White "Brioschi, Camillo"]
[Black "Genovese, Maurizio"]
[Result "1-0"]
[WhiteElo "1717"]
[BlackElo "2285"]
[PlyCount "139"]
[EventDate "2000.07.06"]

1.d4 d5 2.c4 c6 3.cxd5 cxd5 4.Bf4 Nc6 5.e3 Bf5 6.Bd3 Bxd3 7.Qxd3 e6 8.Nc3 
Nf6 9.Nf3 Be7 10.h3 a6 11.O-O O-O 12.Ne5 Rc8 13.Rac1 Nd7 14.Nxc6 Rxc6 15.
Na4 Qa5 16.Rxc6 bxc6 17.Qc2 c5 18.dxc5 Nxc5 19.Nxc5 Bxc5 20.Rc1 Bb6 21.a4 
d4 22.exd4 Bxd4 23.b3 e5 24.Bd2 Qb6 25.Be1 h6 26.b4 Re8 27.Qc6 Re6 28.Qxb6
Rxb6 29.Rc8+ Kh7 30.Kf1 f5 31.h4 Kg6 32.Ke2 e4 33.Bd2 Kh5 34.g3 Kg4 35.Rc4
Bf6 36.Be3 Rb7 37.b5 axb5 38.Rb4 Be7 39.Rxb5 Rc7 40.Rb2 g5 41.hxg5 hxg5 
42.a5 f4 43.gxf4 gxf4 44.Bb6 Rc3 45.Ra2 Rd3 46.f3+ Rxf3 47.a6 e3 48.Kd3 
Rh3 49.Ke4 e2 50.Rxe2 Ra3 51.a7 f3 52.Re1 Bh4 53.Rg1+ Bg3 54.Bf2 Ra4+ 55.
Kd5 Kf4 56.Bxg3+ Ke3 57.Re1+ Kd2 58.Re7 Kd3 59.Bf2 Ra2 60.Re8 Rxf2 61.a8=Q
Re2 62.Qa3+ Kd2 63.Qb2+ Ke1 64.Rxe2+ fxe2 65.Ke4 Kf1 66.Qf6+ Kg1 67.Qg5+ 
Kf1 68.Qf4+ Kg1 69.Qg3+ Kf1 70.Qf3+ 1-0

[Event "III Festival A"]
[Site "Bernate Ticino ITA"]
[Date "2000.07.06"]
[Round "1"]
[White "Cazzaniga, Walter"]
[Black "Sartorio, Diego"]
[Result "1/2-1/2"]
[WhiteElo "2170"]
[BlackElo "1705"]
[PlyCount "100"]
[EventDate "2000.07.06"]

1.d4 d5 2.c4 e6 3.Nc3 c6 4.Nf3 dxc4 5.e3 b5 6.a4 Bb4 7.Bd2 a5 8.axb5 Bxc3 
9.Bxc3 cxb5 10.b3 Bb7 11.bxc4 b4 12.Bb2 Nf6 13.Bd3 Qc7 14.O-O O-O 15.Ne5 
Nbd7 16.f4 Ne4 17.Qc2 Ndf6 18.g4 h6 19.h4 Ng3 20.Rfe1 Be4 21.g5 Bxd3 22.
Qxd3 Nfe4 23.Ng4 Qb7 24.d5 exd5 25.cxd5 hxg5 26.hxg5 Rfc8 27.Qd4 Nc3 28.
Kg2 Nf5 29.Qe5 Qxd5+ 30.Qxd5 Nxd5 31.Be5 Nc3 32.e4 Nh4+ 33.Kg3 Ng6 34.Bd4 
Rc4 35.Bxc3 Rxc3+ 36.Re3 Rxe3+ 37.Nxe3 Ne7 38.f5 a4 39.f6 Nc6 40.Nf5 gxf6 
41.gxf6 b3 42.Kf4 b2 43.Rg1+ Kf8 44.Nd6 Rd8 45.Rh1 Ne7 46.fxe7+ Kxe7 47.
Nc4 Rb8 48.Rb1 Rb3 49.Ke5 a3 50.Nxa3 Rxa3 1/2-1/2

[Event "III Festival A"]
[Site "Bernate Ticino ITA"]
[Date "2000.07.06"]
[Round "1"]
[White "Cillo, Angelo"]
[Black "Loncar, Robert"]
[Result "0-1"]
[WhiteElo "1734"]
[BlackElo "2415"]
[PlyCount "56"]
[EventDate "2000.07.06"]

1.d4 Nf6 2.Nf3 c5 3.d5 b5 4.Bg5 Ne4 5.Bf4 g6 6.Be5 f6 7.Bf4 d6 8.Nfd2 Nxd2
9.Nxd2 Bg7 10.e4 O-O 11.Bxb5 f5 12.e5 dxe5 13.Be3 Qb6 14.a4 a6 15.Nc4 Qb7 
16.Bc6 Nxc6 17.dxc6 Qxc6 18.O-O Be6 19.Qe2 Rad8 20.a5 f4 21.Bd2 Rd4 22.Nb6
f3 23.Qe3 fxg2 24.Rfe1 Rf3 25.Qe2 Rh3 26.Bc3 Rxh2 27.Kxh2 Rh4+ 28.Kg3 Rh3#
0-1

[Event "III Festival A"]
[Site "Bernate Ticino ITA"]
[Date "2000.07.06"]
[Round "1"]
[White "Giuberchio, Cesare"]
[Black "Di Giovanni, Isidoro"]
[Result "1-0"]
[WhiteElo "1906"]
[BlackElo "1498"]
[PlyCount "57"]
[EventDate "2000.07.06"]

1.e4 e5 2.Nf3 Nc6 3.d4 exd4 4.Bc4 Be7 5.c3 d6 6.cxd4 Nf6 7.Nc3 O-O 8.O-O 
Bg4 9.Be3 a6 10.Qc2 Bxf3 11.gxf3 b5 12.Bd5 Nb4 13.Qb3 Nbxd5 14.Nxd5 Nxd5 
15.Qxd5 Qd7 16.Qh5 f5 17.Rac1 Rf6 18.Kh1 f4 19.Qd5+ Qe6 20.Qxa8+ Kf7 21.
Qd5 Qxd5 22.exd5 fxe3 23.fxe3 Bd8 24.Rc6 Rf5 25.e4 Rh5 26.Rxa6 Bf6 27.Rd1 
Rh3 28.Kg2 Rh5 29.Ra7 1-0

[Event "III Festival A"]
[Site "Bernate Ticino ITA"]
[Date "2000.07.06"]
[Round "1"]
[White "Perotti, Davide"]
[Black "Lapiccirella, Mattia"]
[Result "0-1"]
[WhiteElo "1701"]
[BlackElo "2144"]
[PlyCount "30"]
[EventDate "2000.07.06"]

1.Nf3 Nf6 2.c4 c5 3.b3 b6 4.g3 Bb7 5.Bg2 e6 6.O-O Be7 7.Bb2 O-O 8.Qc2 Nc6 
9.a3 Re8 10.Nc3 Rc8 11.Rad1 d6 12.e3 Qc7 13.Ne4 Nxe4 14.Qxe4 Ne5 15.Qf4 
Nd3 0-1

[Event "III Festival A"]
[Site "Bernate Ticino ITA"]
[Date "2000.07.06"]
[Round "1"]
[White "Qendro, Llambi"]
[Black "Morganti, Lionello"]
[Result "1-0"]
[WhiteElo "2357"]
[BlackElo "1726"]
[PlyCount "69"]
[EventDate "2000.07.06"]

1.d4 Nf6 2.c4 g6 3.g3 Bg7 4.Bg2 O-O 5.Nc3 c6 6.Nf3 d5 7.cxd5 cxd5 8.O-O e6
9.Bg5 h6 10.Bxf6 Bxf6 11.Qd2 Bg7 12.Rfc1 Nc6 13.e3 Qa5 14.a3 a6 15.b4 Qd8 
16.Ne1 Bd7 17.Nd3 b6 18.f4 Ne7 19.Ne5 Bxe5 20.fxe5 Kg7 21.Bf1 h5 22.Bd3 
Nc6 23.Rf1 h4 24.Rf6 hxg3 25.Raf1 gxh2+ 26.Qxh2 Ne7 27.Qf4 Qe8 28.Ne2 Nf5 
29.Bxf5 exf5 30.Ng3 Rh8 31.Qg5 Qd8 32.Nxf5+ Bxf5 33.R1xf5 Ra7 34.e6 Qd6 
35.Rxf7+ 1-0

[Event "III Festival A"]
[Site "Bernate Ticino ITA"]
[Date "2000.07.06"]
[Round "1"]
[White "Rossi, Giampiero"]
[Black "Tavecchia, Mario"]
[Result "1-0"]
[WhiteElo "2101"]
[BlackElo "1654"]
[PlyCount "126"]
[EventDate "2000.07.06"]

1.d4 e6 2.c4 Nf6 3.Nc3 Bb4 4.Qc2 O-O 5.a3 Bxc3+ 6.Qxc3 b6 7.Bg5 Bb7 8.f3 
d6 9.e3 Nbd7 10.Bd3 h6 11.Bh4 c5 12.Ne2 d5 13.O-O cxd4 14.exd4 dxc4 15.
Bxc4 Rc8 16.Qb3 Nb8 17.Rac1 Bd5 18.Bxf6 gxf6 19.Bxd5 Qxd5 20.Qxd5 exd5 21.
Rxc8 Rxc8 22.Rc1 Rxc1+ 23.Nxc1 Nc6 24.Ne2 Kg7 25.Kf2 Kf8 26.Ke3 Ke7 27.g4 
Ke6 28.Ng3 Ne7 29.Nh5 f5 30.h3 fxg4 31.fxg4 f5 32.Kf4 fxg4 33.Kxg4 Nc6 34.
Nf4+ Kf7 35.Nxd5 Nxd4 36.Kh5 Kg7 37.Ne3 Ne6 38.Nf5+ Kh7 39.Ne7 a6 40.Kg4 
Kg7 41.Nd5 b5 42.Nb4 Nc7 43.Kf5 a5 44.Nc6 a4 45.Ke5 Kg6 46.Kd6 Na6 47.Nb4 
Nb8 48.Kc7 Kh5 49.Kxb8 Kh4 50.Nd5 Kxh3 51.Kc7 Kg3 52.Nf6 Kf4 53.Kd6 Kf5 
54.Nh5 Kg5 55.Ng7 Kf6 56.Ne6 h5 57.Kd5 h4 58.Nf4 Kf5 59.Ne2 Kg4 60.Ng1 Kg3
61.Ke4 Kg2 62.Nf3 Kf2 63.Nxh4 Ke2 1-0

[Event "III Festival A"]
[Site "Bernate Ticino ITA"]
[Date "2000.07.06"]
[Round "1"]
[White "Tosetto, Flavio"]
[Black "Pedemonte, Claudio"]
[Result "0-1"]
[WhiteElo "1528"]
[BlackElo "2013"]
[PlyCount "70"]
[EventDate "2000.07.06"]

1.e4 d5 2.exd5 Nf6 3.c4 e6 4.Nc3 exd5 5.d4 Bb4 6.Qa4+ Nc6 7.Bg5 O-O 8.Qd1 
Qe7+ 9.Be3 Ng4 10.Qd2 Nxe3 11.fxe3 Be6 12.cxd5 Bxd5 13.Nf3 Qd6 14.Bd3 Bxf3
15.gxf3 Rfe8 16.O-O-O a5 17.d5 Ne5 18.Qg2 Qf6 19.f4 Nxd3+ 20.Rxd3 Qf5 21.
Rg1 g6 22.Qe2 Rad8 23.Rg5 Qf6 24.Qg4 Bxc3 25.Rxc3 Qb6 26.Qf3 Re7 27.e4 Qd4
28.Re5 Rxe5 29.fxe5 Qxe5 30.Qg2 Re8 31.Qg3 Qxe4 32.Rxc7 Qxd5 33.Qf2 Qxa2 
34.Rxb7 Rc8+ 35.Kd2 Qd5+ 0-1

[Event "III Festival A"]
[Site "Bernate Ticino ITA"]
[Date "2000.07.07"]
[Round "2"]
[White "Cammarota, Vittorio"]
[Black "Di Giovanni, Isidoro"]
[Result "1-0"]
[WhiteElo "1690"]
[BlackElo "1498"]
[PlyCount "73"]
[EventDate "2000.07.06"]

1.d4 Nf6 2.Nf3 g6 3.Bf4 Bg7 4.e3 O-O 5.Nbd2 d5 6.h3 c5 7.c3 Nc6 8.dxc5 Ne4
9.Nxe4 dxe4 10.Nd2 Qd5 11.Nb3 Rd8 12.Qxd5 Rxd5 13.Bc4 Rd8 14.O-O Be5 15.
Bg5 Bf6 16.Bxf6 exf6 17.Rad1 Be6 18.Bxe6 fxe6 19.Nd4 Kf7 20.Nxc6 bxc6 21.
Rd4 Rd5 22.b4 a5 23.a3 axb4 24.axb4 Ra3 25.Rc1 f5 26.f4 Rxd4 27.exd4 h6 
28.Rc2 g5 29.g3 Kg6 30.Kg2 Kh5 31.c4 Rb3 32.b5 cxb5 33.c6 Rd3 34.c7 e3 35.
c8=Q Rd2+ 36.Rxd2 exd2 37.Qe8# 1-0

[Event "III Festival A"]
[Site "Bernate Ticino ITA"]
[Date "2000.07.07"]
[Round "2"]
[White "Chiodini, Walter"]
[Black "Cillo, Angelo"]
[Result "0-1"]
[WhiteElo "1551"]
[BlackElo "1734"]
[PlyCount "76"]
[EventDate "2000.07.06"]

1.d4 d5 2.c4 e6 3.Nc3 Nf6 4.Nf3 c6 5.cxd5 exd5 6.Bg5 Be7 7.e3 Bf5 8.Rc1 
O-O 9.h3 Nbd7 10.Be2 h6 11.Bf4 Re8 12.O-O Rc8 13.Qb3 Qb6 14.Qxb6 axb6 15.
Nd2 Ra8 16.a3 b5 17.Rfd1 Nb6 18.Nf3 Nc4 19.Bxc4 bxc4 20.Ne5 Ne4 21.g4 Nxc3
22.Rxc3 Be4 23.f3 Bh7 24.Nd7 Bd8 25.Bd6 Ba5 26.b4 cxb3 27.Rxb3 Bc2 28.Rxb7
Bxd1 29.Ne5 Rxe5 30.Bxe5 Bxf3 31.Kf2 Be4 32.h4 Bd8 33.Bd6 Bxh4+ 34.Ke2 Bc2
35.Kf3 Bd1+ 36.Kf4 Re8 37.Be5 g5+ 38.Kf5 Bc2+ 0-1

[Event "III Festival A"]
[Site "Bernate Ticino ITA"]
[Date "2000.07.07"]
[Round "2"]
[White "Forno, Roberto"]
[Black "Barberi, Alessandro"]
[Result "0-1"]
[WhiteElo "1756"]
[BlackElo "2113"]
[PlyCount "80"]
[EventDate "2000.07.06"]

1.e4 c5 2.Nf3 d6 3.d4 cxd4 4.Nxd4 Nf6 5.Nc3 g6 6.Be3 Bg7 7.f3 O-O 8.Bc4 
Nc6 9.Qd2 Bd7 10.O-O-O Qc7 11.Bb3 Rfc8 12.h4 Ne5 13.Bh6 Bh8 14.g4 Nc4 15.
Bxc4 Qxc4 16.h5 b5 17.hxg6 fxg6 18.Nde2 Qf7 19.Rhe1 a5 20.g5 b4 21.gxf6 
bxc3 22.Nxc3 Bxf6 23.e5 Bh8 24.Re3 Rxc3 25.Qxc3 Qxa2 26.Qb3+ Qxb3 27.Rxb3 
Bxe5 28.f4 Bf6 29.Rb7 Bc6 30.Rc7 Bf3 31.Re1 Rb8 32.b3 Kf7 33.Bg5 Rb7 34.
Rxb7 Bxb7 35.Kd2 h5 36.Re2 e5 37.Bh6 h4 38.Rf2 Ke6 39.Bg5 h3 40.Ke3 Bg2 
0-1

[Event "III Festival A"]
[Site "Bernate Ticino ITA"]
[Date "2000.07.07"]
[Round "2"]
[White "Genovese, Maurizio"]
[Black "Cazzaniga, Walter"]
[Result "1-0"]
[WhiteElo "2285"]
[BlackElo "2170"]
[PlyCount "65"]
[EventDate "2000.07.06"]

1.d4 Nf6 2.c4 g6 3.Nc3 Bg7 4.e4 d6 5.f4 O-O 6.Nf3 c5 7.d5 e6 8.dxe6 Bxe6 
9.Bd3 Nc6 10.f5 Bd7 11.O-O gxf5 12.exf5 Ne7 13.Nh4 Bc6 14.g4 Nd7 15.Nf3 
Ne5 16.Ng5 Nxd3 17.Qxd3 Bd4+ 18.Be3 Ng6 19.fxg6 Qxg5 20.gxh7+ Kg7 21.Bxd4+
cxd4 22.Qxd4+ f6 23.Rf5 Qg6 24.h3 Qxh7 25.Rg5+ Kf7 26.Rf1 Ke7 27.Nd5+ Bxd5
28.Qxd5 Rab8 29.Re1+ Kd7 30.c5 Rfd8 31.Rh5 Qg7 32.cxd6 Rf8 33.Qe6+ 1-0

[Event "III Festival A"]
[Site "Bernate Ticino ITA"]
[Date "2000.07.07"]
[Round "2"]
[White "Lapiccirella, Mattia"]
[Black "Giuberchio, Cesare"]
[Result "1-0"]
[WhiteElo "2144"]
[BlackElo "1906"]
[PlyCount "88"]
[EventDate "2000.07.06"]

1.d4 d5 2.c4 e6 3.Nc3 c6 4.Nf3 dxc4 5.a4 Bb4 6.g3 Nf6 7.Bg2 Ne4 8.Bd2 Nxd2
9.Qxd2 c5 10.dxc5 O-O 11.Qxd8 Rxd8 12.Ne5 Nd7 13.Rd1 Bxc5 14.O-O Be7 15.
Nxc4 Rb8 16.Rd2 Nf6 17.Rxd8+ Bxd8 18.Rd1 Bd7 19.Ne5 Be8 20.Nb5 Bxb5 21.
axb5 Kf8 22.g4 g5 23.h3 Ke8 24.Nc4 Bc7 25.Ra1 Nd5 26.Rxa7 Nf4 27.b6 Bd8 
28.Rxb7 Rxb7 29.Bxb7 Nxe2+ 30.Kf1 Nd4 31.Ke1 Kd7 32.Kd2 Bxb6 33.Nxb6+ Kc7 
34.Kd3 Nb3 35.Be4 Kxb6 36.Bxh7 f6 37.Bg8 Kc6 38.f4 Kd6 39.fxg5 fxg5 40.Kc3
Nc5 41.Bh7 Ke5 42.b4 Nd7 43.Kc4 Kf4 44.b5 Kg3 1-0

[Event "III Festival A"]
[Site "Bernate Ticino ITA"]
[Date "2000.07.07"]
[Round "2"]
[White "Loncar, Robert"]
[Black "Bianchi, Alberto"]
[Result "1-0"]
[WhiteElo "2415"]
[BlackElo "2043"]
[PlyCount "88"]
[EventDate "2000.07.06"]

1.c4 Nf6 2.Nc3 e6 3.d4 d5 4.cxd5 exd5 5.Bg5 c6 6.e3 Be7 7.Qc2 Be6 8.Bd3 
Nbd7 9.Nge2 h6 10.Bh4 Ng8 11.Bg3 Bh4 12.Nf4 Bxg3 13.hxg3 Qe7 14.O-O-O Ngf6
15.Rhe1 O-O 16.e4 Qb4 17.e5 Ne4 18.Bxe4 dxe4 19.Nxe6 fxe6 20.Rxe4 Qb6 21.
Rg4 c5 22.dxc5 Nxc5 23.Rgd4 Rac8 24.g4 Qc6 25.f4 b5 26.Kb1 Na4 27.R1d3 a5 
28.Rf3 Qc5 29.Qd2 Nb6 30.Ne4 Nc4 31.Rxc4 Qxc4 32.Nd6 Qc5 33.Nxc8 Rxc8 34.
Rc3 Qg1+ 35.Qc1 Qxc1+ 36.Kxc1 Rd8 37.Kc2 Rd4 38.g3 a4 39.Rc8+ Kf7 40.Rc7+ 
Kf8 41.Kc3 Rd1 42.Kb4 Rb1 43.Rc2 Rg1 44.Kxb5 Rxg3 1-0

[Event "III Festival A"]
[Site "Bernate Ticino ITA"]
[Date "2000.07.07"]
[Round "2"]
[White "Morganti, Lionello"]
[Black "Bellini, Roberto"]
[Result "1-0"]
[WhiteElo "1726"]
[BlackElo "1575"]
[PlyCount "109"]
[EventDate "2000.07.06"]

1.e4 c5 2.Nc3 d6 3.g3 Nf6 4.Bg2 e5 5.Nge2 Be7 6.O-O Nc6 7.d3 a6 8.a4 O-O 
9.f4 exf4 10.Nxf4 Bg4 11.Bf3 Bxf3 12.Qxf3 Qd7 13.Ncd5 Nd4 14.Qd1 Bd8 15.
Nxf6+ Bxf6 16.Nd5 Bd8 17.c3 Nc6 18.Kg2 Ne7 19.Qh5 Nxd5 20.Qxd5 Bf6 21.Bf4 
Rad8 22.Rf2 Be5 23.Bg5 Rde8 24.d4 cxd4 25.cxd4 Qg4 26.Be3 Bf6 27.Bf4 Re7 
28.h3 Qe6 29.Qxe6 Rxe6 30.Bxd6 Bxd4 31.Bxf8 Bxf2 32.Kxf2 Kxf8 33.Kf3 Rb6 
34.Rb1 a5 35.Ke3 Rb4 36.b3 b5 37.axb5 Rxb5 38.Kd3 a4 39.b4 Ke7 40.Kc4 Re5 
41.Kd4 f6 42.Ra1 g5 43.Rxa4 h5 44.Ra5 Re6 45.Ra7+ Kd8 46.Ra5 Kc7 47.Rd5 
Rb6 48.b5 Re6 49.h4 Rd6 50.Rxd6 Kxd6 51.b6 Kc6 52.b7 Kxb7 53.Kd5 gxh4 54.
gxh4 Kc7 55.Ke6 1-0

[Event "III Festival A"]
[Site "Bernate Ticino ITA"]
[Date "2000.07.07"]
[Round "2"]
[White "Morselli, Stefano"]
[Black "Tosetto, Flavio"]
[Result "1-0"]
[WhiteElo "1696"]
[BlackElo "1528"]
[PlyCount "79"]
[EventDate "2000.07.06"]

1.Nf3 Nf6 2.d4 g6 3.c4 Bg7 4.Nc3 O-O 5.e4 d6 6.Be2 Nbd7 7.O-O e5 8.h3 exd4
9.Nxd4 Re8 10.Qc2 Nxe4 11.Nxe4 Bxd4 12.Bg5 Nf6 13.Rad1 Be5 14.f4 Bf5 15.
fxe5 Bxe4 16.Bd3 Bxd3 17.Rxd3 Re6 18.Bxf6 Qe8 19.exd6 cxd6 20.Qd2 Qc6 21.
Qh6 Rxf6 22.Rxf6 Qxc4 23.Rfxd6 Qc5+ 24.Kh1 Qc7 25.Rd7 Qb6 26.Qd2 Kg7 27.
Rb3 Qf6 28.Rf3 Qe6 29.Rfxf7+ Qxf7 30.Rxf7+ Kxf7 31.Qd7+ Kg8 32.Qxb7 Rf8 
33.Qxa7 Rf1+ 34.Kh2 Rf7 35.Qd4 Kf8 36.a4 Ke8 37.b4 Rd7 38.Qh8+ Ke7 39.
Qxh7+ Ke6 40.Qxd7+ 1-0

[Event "III Festival A"]
[Site "Bernate Ticino ITA"]
[Date "2000.07.07"]
[Round "2"]
[White "Pedemonte, Claudio"]
[Black "Bemporad, Filippo"]
[Result "0-1"]
[WhiteElo "2013"]
[BlackElo "2140"]
[PlyCount "106"]
[EventDate "2000.07.06"]

1.c4 e5 2.Nc3 Nc6 3.Nf3 Nf6 4.d4 exd4 5.Nxd4 Bb4 6.Nxc6 bxc6 7.Qb3 Be7 8.
e4 d6 9.Be2 O-O 10.O-O Re8 11.Qc2 Nd7 12.b3 Bf6 13.Bb2 Qe7 14.Rfe1 Nc5 15.
Bf3 Ne6 16.Ne2 Ng5 17.Ng3 Bxb2 18.Qxb2 f5 19.Qd2 Qf6 20.Qf4 Nxf3+ 21.Qxf3 
fxe4 22.Qxf6 gxf6 23.Nxe4 Kf7 24.f3 Bf5 25.Nc3 Rad8 26.Rxe8 Rxe8 27.Kf2 
Re5 28.Rd1 Bg6 29.Rd2 Ke6 30.f4 Rc5 31.g4 f5 32.g5 d5 33.cxd5+ cxd5 34.Ne2
a5 35.Ke3 a4 36.Kd4 Kd6 37.Nc3 axb3 38.axb3 Ra5 39.b4 c5+ 40.bxc5+ Rxc5 
41.Ne2 Rc4+ 42.Kd3 Be8 43.Rb2 Bc6 44.Nd4 Kc5 45.Ne6+ Kd6 46.Nd4 Bd7 47.
Rb6+ Kc5 48.Rb7 Rxd4+ 49.Ke3 Re4+ 50.Kf3 Kd6 51.Rb6+ Bc6 52.Rb8 d4 53.h4 
Re8+ 0-1

[Event "III Festival A"]
[Site "Bernate Ticino ITA"]
[Date "2000.07.07"]
[Round "2"]
[White "Provera, Emanuele"]
[Black "Brioschi, Camillo"]
[Result "1-0"]
[WhiteElo "1759"]
[BlackElo "1717"]
[PlyCount "103"]
[EventDate "2000.07.06"]

1.e4 e5 2.Nf3 Nc6 3.Bc4 Nf6 4.d3 Be7 5.Nc3 O-O 6.O-O d6 7.h3 Na5 8.Bg5 
Nxc4 9.dxc4 Nd7 10.Bxe7 Qxe7 11.Qe2 Nf6 12.Rad1 Be6 13.Nd5 Nxd5 14.cxd5 
Bd7 15.Qc4 Rac8 16.Rd3 a6 17.Qb4 b6 18.Nd2 f5 19.f3 f4 20.Rf2 Qg5 21.Kf1 
Rf6 22.Nc4 Rg6 23.Ke2 Qd8 24.b3 Rg3 25.a4 Qg5 26.Kf1 Rf8 27.Nxb6 Bxh3 28.
gxh3 Rg1+ 29.Ke2 cxb6 30.Qxd6 Rc1 31.Rd2 Qg1 32.Qxb6 Re1+ 33.Kd3 Re3+ 34.
Kc4 Qa1 35.Rd3 Rc8+ 36.Kb4 Qe1+ 37.Rfd2 Kh8 38.Qxa6 Rb8+ 39.Kc5 Rxd3 40.
Rxd3 Qb4+ 41.Kc6 Qf8 42.d6 Rc8+ 43.Kb5 Rb8+ 44.Kc5 Rc8+ 45.Kb4 Rb8+ 46.Ka3
h6 47.Kb2 Rd8 48.d7 Qe7 49.Qc8 Kh7 50.a5 Qh4 51.a6 Qf2 52.Qxd8 1-0

[Event "III Festival A"]
[Site "Bernate Ticino ITA"]
[Date "2000.07.07"]
[Round "2"]
[White "Sartorio, Diego"]
[Black "Battistella, Gianmaria"]
[Result "1-0"]
[WhiteElo "1705"]
[BlackElo "1473"]
[PlyCount "39"]
[EventDate "2000.07.06"]

1.e4 e6 2.d3 Nc6 3.Nf3 d5 4.Nbd2 Bc5 5.g3 Nge7 6.Bg2 O-O 7.O-O Ng6 8.c3 d4
9.Nb3 Bb6 10.cxd4 Nxd4 11.Nbxd4 Bxd4 12.Nxd4 Qxd4 13.Qc2 c6 14.Be3 Qf6 15.
f4 Qd8 16.Qc3 Bd7 17.d4 Qc7 18.Rad1 Rac8 19.Rf2 Ne7 20.Rc2 1-0

[Event "III Festival A"]
[Site "Bernate Ticino ITA"]
[Date "2000.07.07"]
[Round "3"]
[White "Barberi, Alessandro"]
[Black "Loncar, Robert"]
[Result "0-1"]
[WhiteElo "2113"]
[BlackElo "2415"]
[PlyCount "100"]
[EventDate "2000.07.06"]

1.d4 Nf6 2.c4 c5 3.d5 g6 4.Nc3 Bg7 5.e4 d6 6.Be2 O-O 7.Nf3 e6 8.O-O Re8 9.
Bg5 h6 10.dxe6 hxg5 11.exf7+ Kxf7 12.Nxg5+ Kg8 13.Nb5 Bf8 14.Qd3 a6 15.e5 
Bf5 16.Qf3 Rxe5 17.Qxb7 Nbd7 18.Bf3 axb5 19.Qxa8 Qxa8 20.Bxa8 Bd3 21.f4 
Re8 22.Rfd1 Bxc4 23.Bf3 Nb6 24.Kf2 Bd5 25.Re1 Ra8 26.Ne6 Rxa2 27.Rxa2 Bxa2
28.Nxf8 Kxf8 29.Ra1 Bc4 30.Ra7 Na4 31.g4 Nxb2 32.g5 Nd5 33.Rd7 Nxf4 34.
Rxd6 Nh3+ 35.Ke3 Bf7 36.Rc6 Nc4+ 37.Ke2 Nf4+ 38.Kd1 Ne5 39.Rc8+ Ke7 40.Be4
Nh3 41.Bg2 Nf2+ 42.Kd2 Nfd3 43.Be4 c4 44.h4 Kd6 45.Rf8 b4 46.Rxf7 Nxf7 47.
Bxg6 Nfe5 48.Be4 Nc5 49.Bg2 c3+ 50.Kc2 Nc4 0-1

[Event "III Festival A"]
[Site "Bernate Ticino ITA"]
[Date "2000.07.07"]
[Round "3"]
[White "Battistella, Gianmaria"]
[Black "Perotti, Davide"]
[Result "0-1"]
[WhiteElo "1473"]
[BlackElo "1701"]
[PlyCount "42"]
[EventDate "2000.07.06"]

1.d4 Nf6 2.Nf3 g6 3.g3 b6 4.Bg2 Bb7 5.O-O Bg7 6.c4 c5 7.d5 b5 8.cxb5 Bxd5 
9.Nc3 Bb7 10.h3 d6 11.Re1 O-O 12.a4 a6 13.e4 axb5 14.Nxb5 Bxe4 15.Rxe4 
Nxe4 16.Ng5 d5 17.Nxe4 dxe4 18.Qb3 Na6 19.Bxe4 Rb8 20.Be3 Qd7 21.Rd1 Qxh3 
0-1

[Event "III Festival A"]
[Site "Bernate Ticino ITA"]
[Date "2000.07.07"]
[Round "3"]
[White "Bellini, Roberto"]
[Black "Tosetto, Flavio"]
[Result "1/2-1/2"]
[WhiteElo "1575"]
[BlackElo "1528"]
[PlyCount "169"]
[EventDate "2000.07.06"]

1.d4 g6 2.c4 Nf6 3.Nc3 Bg7 4.e4 d6 5.f3 O-O 6.Be3 Nbd7 7.Qd2 Re8 8.Bd3 c5 
9.Nge2 cxd4 10.Nxd4 Nc5 11.Bc2 a5 12.a4 Bd7 13.O-O Rc8 14.b3 Nh5 15.Rad1 
b6 16.Qf2 Rf8 17.Ndb5 f5 18.Bxc5 bxc5 19.Nd5 Bxb5 20.axb5 Bd4 21.Rxd4 cxd4
22.Qxd4 e5 23.Qd2 fxe4 24.Bxe4 Nf4 25.Rd1 Ne6 26.b6 Rc5 27.b7 Nd4 28.Qd3 
Rf7 29.Rb1 Kg7 30.b4 axb4 31.Rxb4 Qb8 32.Ne3 Nc6 33.Rb6 Rxb7 34.Rxc6 Rxc6 
35.Bxc6 Rb1+ 36.Kf2 Rb2+ 37.Kg3 Rb3 38.Qe4 Qb6 39.Ng4 Qd8 40.Ba4 Rb4 41.
Bc2 Qg5 42.h4 Qf4+ 43.Qxf4 exf4+ 44.Kxf4 Rxc4+ 45.Be4 d5 46.Ne3 Ra4 47.
Nxd5 Ra2 48.Ne3 Ra4 49.g4 h6 50.Ke5 Ra3 51.Ng2 Ra5+ 52.Bd5 Rb5 53.Nf4 Ra5 
54.Ne6+ Kf7 55.h5 gxh5 56.Nf4+ Kg7 57.Nxh5+ Kg6 58.f4 Ra1 59.Be4+ Kf7 60.
Nf6 Ra5+ 61.Nd5 Kg7 62.f5 Kf7 63.Kf4 Ra4 64.Ne3 Kf6 65.Ng2 Ra2 66.Ne3 Rf2+
67.Bf3 Kg7 68.Nd5 Kf7 69.Kg3 Ra2 70.Nf4 Kf6 71.Nh3 Ke7 72.Nf4 Ra3 73.Nd5+ 
Kf7 74.Kf4 Ra4+ 75.Be4 Kg7 76.f6+ Kf7 77.Kf5 Ra5 78.Ke5 Rb5 79.Bd3 Ra5 80.
Bc4 Rc5 81.Kd4 Ra5 82.Ke5 Rc5 83.Kd4 Ra5 84.Bd3 Ra4+ 85.Bc4 1/2-1/2

[Event "III Festival A"]
[Site "Bernate Ticino ITA"]
[Date "2000.07.07"]
[Round "3"]
[White "Bianchi, Alberto"]
[Black "Morselli, Stefano"]
[Result "1-0"]
[WhiteElo "2043"]
[BlackElo "1696"]
[PlyCount "87"]
[EventDate "2000.07.06"]

1.Nf3 Nf6 2.g3 d5 3.Bg2 c5 4.b3 g6 5.Bb2 Bg7 6.d3 O-O 7.O-O Nc6 8.Nbd2 Bf5
9.Nh4 e5 10.Nxf5 gxf5 11.e4 fxe4 12.dxe4 d4 13.Qe2 Qe7 14.Nf3 Qe6 15.Nh4 
Ne7 16.Rad1 Rab8 17.Bc1 b5 18.f4 exf4 19.Bxf4 Nfd5 20.Qf3 Nxf4 21.gxf4 Kh8
22.f5 Qf6 23.Qg3 Rg8 24.Nf3 Bh6 25.Qe5 Be3+ 26.Kh1 Qxe5 27.Nxe5 f6 28.Nd7 
Rbc8 29.Nxf6 Rg5 30.Rf3 c4 31.b4 Rc6 32.Nd7 Rh6 33.Rdf1 Re6 34.Nc5 Rf6 35.
Bh3 Rh6 36.f6 Ng6 37.f7 Nf8 38.Ne6 Rxh3 39.Nxg5 Rxf3 40.Nxf3 d3 41.cxd3 c3
42.Ne1 Kg7 43.Nc2 Bd2 44.e5 1-0